| 000 | 00000nas 2200000za 4500 |
| 001 | 9.874777 |
| 003 | CaOODSP |
| 005 | 20221107164302 |
| 007 | cr ||||||||||| |
| 008 | 190612d20042004oncar p o f0 b0fre|d |
| 040 | |aCaOODSP|bfre |
| 043 | |an-cn--- |
| 086 | 1 |aHS21-1/1F-PDF|zHS21-1/2004F-PDF |
| 110 | 1 |aCanada. |bRessources humaines et développement des compétences Canada. |
| 245 | 10|aRapport annuel, Loi sur l'équité en matière d'emploi |h[ressource électronique]. |
| 260 | |aOttawa : |bRessources humaines et développement des compétences Canada, |cc2005. |
| 310 | |aAnnuel |
| 362 | 0 |a2004. |
| 500 | |aPubl. aussi en anglais sous le titre : Annual report, Employment Equity Act. |
| 691 | 07|aÉquité en matière d'emploi|2gcpds |
| 691 | 07|aRapport annuel|2gcpds |
| 775 | 08|tAnnual report, Employment Equity Act |w(CaOODSP)9.874776 |
| 780 | 00|tRapport annuel, Loi sur l'équité en matière d'emploi |w(CaOODSP)9.503735 |
| 785 | 00|tRapport annuel, Loi sur l'équité en matière d'emploi |w(CaOODSP)9.503522 |